000 00505nam a2200193Ia 4500
003 GCL
008 140319s9999 xx 000 0 eng d
040 _aGCL /
_cGCL
082 0 4 _aCH
_b823
_bR B
100 1 _aBORGO, DEBORAH
245 1 0 _aTHE BRAVE LITTLE MOUSE /
_cBORGO, DEBORAH
700 1 _aROSENBLUTH, ROZ
260 _a[S.N] :
_bMC CLANAHAN BOOK COMPANY ،
_c1993
650 0 4 _aENGLISH LITERATURE
650 0 4 _aLITERATURE
650 0 4 _aENGLISH FICTION
650 0 4 _aFICTION
942 _2ddc
_cBK
999 _c14828
_d14828